[Event "Avoine op 30th"]
[Site "Avoine"]
[Date "2015.07.23"]
[Round "6"]
[White "Cau, Benjamin"]
[Black "Dupeux, Denis"]
[Result "1-0"]
[WhiteElo "2133"]
[BlackElo "1857"]
[PlyCount "61"]
[EventDate "2015.07.18"]
[EventType "swiss"]
[EventRounds "9"]
[EventCountry "FRA"]
[SourceTitle "EXT 2016"]
[Source "ChessBase"]
[SourceDate "2015.10.08"]
[SourceVersion "1"]
[SourceVersionDate "2015.10.08"]
[SourceQuality "1"]

1. e4 c5 2. Nf3 d6 3. d4 cxd4 4. Nxd4 Nf6 5. Nc3 a6 6. g3 e5 7. Nb3 Be7 8. Bg2 Be6 9. 0-0 0-0 10. f4 Qb6+ 11. Kh1 Ng4 12. f5 Nf2+ 13. Rxf2 Qxf2 14. fxe6 fxe6 15. Bd2 Nc6 16. Qg4 Nd8 17. Rf1 Qb6 18. Rxf8+ Bxf8 19. Qe2 Qc7 20. Bh3 Be7 21. Be3 b5 22. a3 Bf6 23. Nd2 Qf7 24. Qg4 d5 25. exd5 exd5 26. Nxd5 Nc6 27. Nxf6+ Qxf6 28. Ne4 Qf7 29. Ng5 Qg6 30. Qd7 Nd4 31. Qd5+ 1-0

[Event "Avoine op 28th"]
[Site "Avoine"]
[Date "2013.07.23"]
[Round "4"]
[White "Salles, Louis"]
[Black "Dupeux, Denis"]
[Result "1-0"]
[WhiteElo "2176"]
[BlackElo "1856"]
[PlyCount "55"]
[EventDate "2013.07.20"]
[EventType "swiss"]
[EventRounds "9"]
[EventCountry "FRA"]
[SourceTitle "CBM 155 Extra"]
[Source "ChessBase"]
[SourceDate "2013.08.26"]
[SourceVersion "1"]
[SourceVersionDate "2013.08.26"]
[SourceQuality "1"]

1. e4 c5 2. Nf3 d6 3. d4 cxd4 4. Nxd4 Nf6 5. Nc3 a6 6. Bg5 e6 7. f4 b5 8. e5 dxe5 9. fxe5 Qc7 10. Qe2 b4 11. Ncb5 axb5 12. exf6 g6 13. Qe4 Ra5 14. Nb3 Bb7 15. Qe3 Ra8 16. Bxb5+ Bc6 17. Nd4 Bxb5 18. Nxe6 fxe6 19. Qxe6+ Kd8 20. f7+ Be7 21. 0-0-0+ Nd7 22. Bxe7+ Kc8 23. f8Q+ Rxf8 24. Bxf8 Qf4+ 25. Kb1 Qxf8 26. Rhf1 Bxf1 27. Qc6+ Kb8 28. Rxd7 1-0

[Event "Avoine op 25th"]
[Site "Avoine"]
[Date "2010.07.24"]
[Round "8"]
[White "Dupeux, Denis"]
[Black "Heurtebize, Christophe"]
[Result "1/2-1/2"]
[WhiteElo "1860"]
[BlackElo "2029"]
[PlyCount "97"]
[EventDate "2010.07.17"]
[EventType "swiss"]
[EventRounds "9"]
[EventCountry "FRA"]
[SourceTitle "EXT 2011"]
[Source "ChessBase"]
[SourceDate "2010.11.26"]
[SourceVersion "1"]
[SourceVersionDate "2010.11.26"]
[SourceQuality "1"]

1. d4 Nf6 2. c4 g6 3. Nc3 Bg7 4. e4 d6 5. Be2 0-0 6. Bg5 Nbd7 7. g4 c5 8. d5 Qa5 9. Bd2 e6 10. g5 Ne8 11. h4 exd5 12. Nxd5 Qd8 13. Qc2 Nc7 14. h5 Nxd5 15. cxd5 b5 16. f4 f5 17. exf5 Rxf5 18. hxg6 hxg6 19. Bd3 Qe7+ 20. Ne2 Nb6 21. 0-0-0 c4 22. Be4 Na4 23. Nc3 Nc5 24. Rde1 Qb7 25. Be3 b4 26. Bxc5 bxc3 27. bxc3 dxc5 28. d6 Qb8 29. Bxa8 Qxa8 30. Re8+ Rf8 31. Rhe1 Qf3 32. Rxc8 Rxc8 33. d7 Rf8 34. Re8 Qxf4+ 35. Qd2 Qf1+ 36. Kb2 Bxc3+ 37. Kxc3 Qh3+ 38. Kb2 c3+ 39. Qxc3 Qxd7 40. Rxf8+ Kxf8 41. Qh8+ Kf7 42. Qf6+ Ke8 43. Qxg6+ Kd8 44. Qf6+ Kc7 45. Qe5+ Kb6 46. Qf6+ Kb5 47. Qe5 Qd2+ 48. Kb1 Qd1+ 49. Kb2 1/2-1/2

[Event "Avoine op 24th"]
[Site "Avoine"]
[Date "2009.07.23"]
[Round "6"]
[White "Alet, Jean Pierre"]
[Black "Dupeux, Denis"]
[Result "1-0"]
[WhiteElo "2207"]
[BlackElo "1880"]
[PlyCount "55"]
[EventDate "2009.07.18"]
[EventType "swiss"]
[EventRounds "9"]
[EventCountry "FRA"]
[SourceTitle "CBM 131 Extra"]
[Source "ChessBase"]
[SourceDate "2009.09.03"]
[SourceVersion "2"]
[SourceVersionDate "2009.09.16"]
[SourceQuality "1"]

1. d4 d5 2. c4 c6 3. Nf3 Nf6 4. e3 e6 5. Nc3 Nbd7 6. Qc2 dxc4 7. Bxc4 b5 8. Be2 Bb7 9. 0-0 a6 10. e4 Be7 11. e5 Nd5 12. Ne4 h6 13. a3 Qc7 14. Bd2 c5 15. Rfc1 Rc8 16. dxc5 Nxc5 17. Qd1 Qb6 18. Ng3 0-0 19. b4 Nd7 20. Bd3 Rfd8 21. Qe2 Nf8 22. Be4 Rd7 23. Rxc8 Bxc8 24. Rc1 Rc7 25. Rxc7 Qxc7 26. Qd3 Qc4 27. Qb1 Nc3 28. Bxc3 1-0

[Event "Avoine op 21th"]
[Site "Avoine"]
[Date "2006.07.24"]
[Round "3"]
[White "Croizier, Valery"]
[Black "Dupeux, Denis"]
[Result "1-0"]
[WhiteElo "2221"]
[BlackElo "1760"]
[PlyCount "39"]
[EventDate "2006.07.22"]
[EventType "swiss"]
[EventRounds "9"]
[EventCountry "FRA"]
[SourceTitle "EXT 2007"]
[Source "ChessBase"]
[SourceDate "2006.11.23"]
[SourceVersion "1"]
[SourceVersionDate "2006.11.23"]
[SourceQuality "1"]

1. d4 d5 2. c4 c6 3. Nf3 Nf6 4. Nc3 e6 5. e3 Nbd7 6. Bd3 Be7 7. 0-0 0-0 8. e4 dxe4 9. Nxe4 Nxe4 10. Bxe4 Nf6 11. Bc2 c5 12. Be3 Qc7 13. h3 Rd8 14. Qe2 b6 15. Rfd1 Bb7 16. Rac1 Bxf3 17. Qxf3 cxd4 18. Rxd4 Rxd4 19. Bxd4 e5 20. Qxa8+ 1-0